01066nam a22002295i 4500001000700000003000900007005001700016008004100033020001800074080003300092080003800125100004900163245013700212260010100349300003000450610007300480650006500553700004300618852003300661999001900694952012300713168663ES-MaACL20230906213840.0080430s2005 sp |||| | spa d a84-609-3575-2 a351.744(460:234 Toledo)(091) a338.43(460:234 Toledo):638.1(091)1 aGómez Vozmediano, Miguel Fernando.913773713aLa apicultura en los Montes de Toledo b: cultura y tradición /cMiguel Fernando Gómez Vozmediano, Ramón Sánchez González. a[Toledo] : bAsociación para el Desarrollo Integrado del Territorio Montes de Toledo, c[2005] a558 p. : bil. ; c24 cm.14aHermandad Vieja de Toledo, Talavera y Villarreal-xHistoria.913773814aApicultura-zMontes de Toledo (España)-vHistoria.91377391 aSánchez González, Ramón.9137740 aES-MaACLjL-29406 9R.142768 c168663d168663 00104070aATENEOMbATENEOMcDEPO2d2008-04-30eDONl0oL-29406p1176998r2023-02-23 00:00:00w2023-02-23yMONOGRAFIA